00806nam a22002297a 450000500170000001000130001702000200003003500130005003700160006304000120007908200180009124500720010926000400018127000580022130000200027965000470029965000290034670000250037594200270040099900190042795201300044620170124110227.0 aA-387046 c00.00a87565307 aA-387046 bCen Lib/Ret aDPLbEN a327.5405bYEA aYear book on India's foreign policy, 1989 /cedited by Satish Kumar aNew DelhibSage publications c1990 bCalcutta a32, M block Market Greater Kailashe110048 a362p.c23cm(Hb) aInternational relations vYear book940971 aForeign policies 910521 aKumar, Satish940926 2ddccENh327.5405mYEA c134522d134522 001040718REFaLbLd2015-07-30eCen Lib/Retg0.00l0o327.5405 YEApA-387046r2015-07-30 00:00:00t1v0.00w2015-07-30yEN